| 000 | 00679nam a2200217 i 4500 | ||
|---|---|---|---|
| 001 | 123644 | ||
| 003 | ES-MaACL | ||
| 005 | 20251014063201.0 | ||
| 007 | t| | ||
| 008 | 070214s1978 sp r ||||1| spa d | ||
| 100 | 1 |
_aQuintana Cabanas, José María, _d1930-2013 _994681 |
|
| 245 | 1 | 3 |
_aLa pedagogía moderna / _cJosé María Quintana Cabanas. |
| 250 | _a1ª. ed. | ||
| 260 |
_aBarcelona : _bNoguer, _c1978. |
||
| 300 |
_a196 p. ; _c15 cm. |
||
| 490 | 1 |
_aEnciclopedia del mundo actual ; _v14 |
|
| 650 | 0 | 7 |
_aPedagogía _2embne _915904 |
| 830 | 0 |
_aEnciclopedia del mundo actual ; _v14 _9218955 |
|
| 852 |
_aES-MaACL _jA-8794 _bR.97770 |
||
| 999 |
_c123644 _d123644 |
||